LEADER 01736oam 2200457Ia 450 001 9910695852003321 005 20070531143954.0 035 $a(CKB)5470000002373271 035 $a(OCoLC)86070980 035 $a(EXLCZ)995470000002373271 100 $a20070319d2007 ua 0 101 0 $aeng 135 $aurmn||||||||| 181 $ctxt$2rdacontent 182 $cc$2rdamedia 183 $acr$2rdacarrier 200 10$aPliocene and Quaternary deposits in the northern part of the San Juan Basin in southwestern Colorado and northwestern New Mexico$b[electronic resource] /$fby Glenn R. Scott and David W. Moore 205 $aVersion 1.0. 210 1$aReston, Va. :$cU.S. Geological Survey,$d2007. 215 $avii, 13 pages $cdigital, PDF file 225 1 $aScientific investigations report ;$v2007-5006 300 $aTitle from title screen (viewed on May. 31, 2007). 320 $aIncludes bibliographical references. 606 $aSediments (Geology)$zSan Juan Basin (N.M. and Colo.) 606 $aGeology, Stratigraphic$yPliocene 606 $aGeology, Stratigraphic$yQuaternary 606 $aGlacial epoch$zSan Juan Basin (N.M. and Colo.) 615 0$aSediments (Geology) 615 0$aGeology, Stratigraphic 615 0$aGeology, Stratigraphic 615 0$aGlacial epoch 700 $aScott$b Glenn R.$f1918-2012.$01387152 701 $aMoore$b David W$g(David Warren)$057529 712 02$aGeological Survey (U.S.) 801 0$bGIS 801 1$bGIS 801 2$bGPO 906 $aBOOK 912 $a9910695852003321 996 $aPliocene and Quaternary deposits in the northern part of the San Juan Basin in southwestern Colorado and northwestern New Mexico$93543241 997 $aUNINA